Formas de ejercicio de la democracia directa

Guardat en:
Dades bibliogràfiques
Autors principals: Libedinsky Tschorne, Roberto (Autor), Muñoz Silva, Eduardo (Autor)
Format: Llibre
Idioma:espanyol
Publicat: Santiago Jurídica de Chile 1966
Col·lecció:Seminario de Derecho Público, 15
Matèries:
Etiquetes: Afegir etiqueta
Sense etiquetes, Sigues el primer a etiquetar aquest registre!

MARC

LEADER 00000nam a2200000 a 4500
001 UCT9767
003 CL-VaPUC
008 970411e19660000CL |||||||||||||||||spa|d
082 0 4 |a 321.4  |b LIB  |2 21 
100 0 |a Libedinsky Tschorne, Roberto  |e author  |9 382755 
700 0 |a Muñoz Silva, Eduardo  |e author  |9 382756 
245 1 0 |a Formas de ejercicio de la democracia directa 
300 |a 165 p 
942 |c BK 
945 |d 19970411 00:00:00  |a paguirre 
260 |a Santiago  |b Jurídica de Chile  |c 1966 
650 0 |a Democracia  |9 255256 
650 7 |a SISTEMAS POLITICOS  |2 CL-VaPUC  |9 382757 
650 0 |a Ideologías  |9 255200 
650 0 |a Constituciones  |9 255417 
650 7 |a TEORIA POLITICA  |2 CL-VaPUC  |9 382758 
650 0 |a Derecho constitucional   |9 222588 
650 7 |a CONSTITUCION 1925  |2 CL-VaPUC  |9 258619 
583 |a last modification  |c 19970411 00:00:00  |k Rodrigo Vera 
490 0 |a Seminario de Derecho Público, 15 
999 |c 258146  |d 258144 
952 |0 0  |1 0  |4 0  |6 321_400000000000000_LIB_1966  |7 0  |8 A  |9 281987  |a BIBDER  |b BIBDER  |d 2019-11-19  |i 182984K  |l 1  |o 321.4 LIB 1966  |p 182984K  |r 2023-01-25  |s 2021-10-12  |w 2019-11-19  |y BK  |k DER